000 01601cam a22004214a 4500
999 _c21475
_d21475
001 15665747
003 OSt
005 20200612093625.0
008 090319s2009 ii ab b 000 0 eng
010 _a 2009341548
015 _aGBA914758
_2bnb
016 7 _a014903348
_2Uk
020 _a9780195698862 (hbk.)
020 _a019569886X (hbk.)
025 _aI-E-2009-341548; 11-92
035 _a(OCoLC)ocn294885604
035 _a(OCoLC)294885604
037 _aLibrary of Congress -- New Delhi Overseas Office
_cRs895.00
040 _aUKM
_coclc
_dBTCTA
_dDKAGE
_dYDXCP
_dDLC
042 _alccopycat
_alcode
043 _aaz-----
050 0 0 _aBQ6354.64.S64
_bB83 2009
082 0 4 _a726.1430954
_222
_bHAW/B
100 _92805
_aHawkes, Jason
245 0 0 _aBuddhist stupas in South Asia :
_brecent archaeological, art-historical, and historical perspectives /
_cedited by Akira Shimada, Jason Hawkes.
260 _aDelhi ;
_aOxford :
_bOxford University Press,
_c2009.
300 _axlii, 346 p. :
_bill., maps ;
_c22 cm.
490 0 _aSOAS studies on South Asia
504 _aIncludes bibliographical references (p. [310]-346).
650 0 _aBuddhist antiquities
_zSouth Asia.
650 0 _aBuddhist decoration and ornament
_zSouth Asia.
700 1 _aHawkes, Jason,
_d1977-
700 1 _aShimada, Akira,
_d1968-
856 4 1 _3Table of contents only
_uhttp://www.loc.gov/catdir/toc/fy0903/2009341548.html
906 _a7
_bcbc
_ccopycat
_d3
_encip
_f20
_gy-gencatlg
942 _2ddc
_cBK
_h726.1430954
_iHAW/B
_k726.1430954
_mHAW/B